Dni mesta Prešov a oslava prvej písomnej zmienky šachové partie primátora i veľmajstrov

Bibliographic Details
Main Author: Petruš, Andrej (Author)
Format: Article
Language:Slovak
ISSN:1336-4030
Subjects:
Online Access:www.vecernik.po.sk

MARC

LEADER 00000nab a2200000 a 4500
001 vtls009008392
003 SK-MaSNL
005 20260303065518.0
008 070720c20070528xo dr n 000 00slo
038 |a SVKPOCL 
040 |a SVKPOCL  |b slo  |c AACR2  |e AACR2 
041 |a slo 
044 |a xo  |c SK 
080 |a 394.4  |2 2001 
080 |a 379.8  |2 2001 
100 1 |a Petruš, Andrej  |4 aut  |9 672594 
245 1 0 |a Dni mesta Prešov a oslava prvej písomnej zmienky  |b šachové partie primátora i veľmajstrov  |c Andrej Petruš 
600 1 7 |a Hagyari, Pavel,  |d 1957-   |2 svkpocl  |9 988239 
600 1 7 |a Putnocká, Mária  |2 svkpocl  |9 424858 
611 2 7 |a Dni mesta Prešov  |n (2. :  |d 2007 :  |c Prešov, Slovensko)  |2 svkpocl  |9 1060940 
650 0 7 |a Verejné slávnosti  |2 svkpocl  |9 1048185 
650 0 7 |a jarmoky  |2 svkpocl  |9 21891 
651 7 |a Prešov (Slovensko)  |2 svkpocl  |9 17347 
773 0 |t Prešovský večerník  |g Roč. XVIII, č. 4207 (28.5.2007), s. 2  |x 1336-4030 
852 |a SVKPO  |b KIS3GCP 
856 4 1 |u www.vecernik.po.sk 
958 |a RG 
999 |c 1751492  |d 1753422